| 000 | 00736cab a2200229 4500 | ||
|---|---|---|---|
| 001 | WB2316-07 | ||
| 008 | 090401t1987 xxu||||| |||| 00| 0 eng d | ||
| 035 | _a(Sirsi) u63921 | ||
| 041 | _aeng | ||
| 245 | _aCavity wall insulation ban | ||
| 260 | _c1987 | ||
| 350 | _a0 | ||
| 490 |
_aContract Journal _v9/4/87 p5 |
||
| 520 | _aThe use of cavity wall insulation in new homes could be banned if reservations voiced by the NHBC cannot be resolved by the introduction of definitive standards to ensure satisfactory performance. | ||
| 650 | _aBRE | ||
| 650 | _aBSI | ||
| 650 | _aHOUSE BUILDERS FEDERATION | ||
| 650 | _aNATIONAL CAVITY INSULATION ASSOCIATION | ||
| 690 | _aBUILT ENVIRONMENT | ||
| 942 | _n0 | ||
| 948 | _c04/03/1997 | ||
| 999 |
_c39774 _d39774 |
||